000 01123nam a22003257a 4500
001 BR7800776
003 BR-BrBNA
005 20230928085526.0
007 ta
008 230509b bl.||||| |||| 00| 0 por d
040 _aBR-BrBNA
_bpor
_cBiblioteca Nacional de Agricultura
041 _a(Por)
072 _aE30; F00; L00
_b/G514
090 _ E30 BR7800776
110 1 _aUnidade Regional de Supervisao Norte de Planejamento Agricola, Belem, PA (Brasil)
_910410
245 1 _aPerspectivas de producao, insumos e servicos para a agricultura da regiao norte 1977/78 [desenvolvimento agricola, producao vegetal, producao animal, rendimento, consumo, Para, Brasil]
260 3 _aBelem, PA (Brasil):
_c1977.
300 _a137 p.
500 _a43 graphs; Bibliography p. 131-137 (59 ref.); 13 Maps scale 1:7,100,000
650 _aDESENVOLVIMENTO AGRICOLA
650 _aPRODUCAO VEGETAL
650 _aPRODUCAO ANIMAL
650 _aDESENVOLVIMENTO ECONOMICO
650 _aINSUMO
650 _aCONSUMO
650 _aRENDIMENTO
650 _aREGIAO NORTE
909 _a202309
_bLucia
_c55
_dLucia Elande
942 _cBK
999 _c24917
_d24917